Latin Verbs: Indicative Mood, Active - Statistics

General Stats
  • This quiz has been taken 79 times
  • The average score is 32 of 42
Answer Stats
Answer % Correct
-o
98%
-i
95%
-s
95%
-t
95%
-mus
93%
-nt
93%
-tis
93%
-imus
86%
-it
86%
-bas
84%
-bam
81%
-bamus
81%
-bant
81%
-bat
81%
-batis
81%
-eram
81%
-eramus
81%
-erant
81%
-eras
81%
-erat
81%
-eratis
81%
-erunt
81%
-isti
81%
-istis
81%
-bis
74%
-bit
74%
-bo
74%
-bitis
72%
-bunt
72%
-bimus
70%
-erimus
67%
-eris
67%
-erit
67%
-eritis
67%
-ero
67%
-erint
65%
-am
63%
-es
58%
-et
56%
-etis
56%
-emus
53%
-ent
53%
No matching quizzes found
Score Distribution
Percent of People with Each Score
Percentile by Number Answered
Your Score History
You have not taken this quiz